Language Quiz

Random Language or Spanish Quiz

Spanish vocab Quiz Stats

 Plays Quiz not verified by Sporcle

Challenge
Share
Tweet
Embed
Score 0/32 Timer 04:00
0 Plays Today
class % Correct
Comerto eat
88.9%
Comprarto buy
88.9%
Beber to drink
85.2%
Correrto run
85.2%
Etudiarto study
85.2%
Leer un libroto read a book
85.2%
La pizzapizza
85.2%
Escuchar musicato listen to music
81.5%
Trabajarto work
81.5%
Aprender el espanolto learn spanish
77.8%
Jugar al futbolto play soccer
77.8%
Tocar la guitarrato play the guitar
77.8%
La fruitafruit
77.8%
Hablar por telefonoto talk on the phone
74.1%
Preparar la comidato prepare food
74.1%
El heladoice cream
74.1%
class % Correct
Las papas fritasfrench fries
74.1%
Hacer la tareato do homework
70.4%
Marar la televisionto watch television
70.4%
Montar en bicicletato ride a bike
70.4%
Alquilar un DVDto rent a DVD
66.7%
Dibujarto draw
66.7%
Escribir correos electronicosto write e-mails
63%
Descansarto rest
55.6%
El jugojuice
55.6%
La galletacookie
48.1%
Pasar un rato con los amigosto spend time with friends
44.4%
El refrescosoft drink
40.7%
El agua Femwater
37%
Practicar deportesto play sports
33.3%
Andar en patinetato skateboard
22.2%
Pasearto go for a walk
22.2%

You're not logged in!

Compare scores with friends on all Sporcle quizzes.
Join for Free
OR
Log In

You Might Also Like...

Show Comments

Extras

Top Quizzes Today


Score Distribution

Your Account Isn't Verified!

In order to create a playlist on Sporcle, you need to verify the email address you used during registration. Go to your Sporcle Settings to finish the process.

Report this User

Report this user for behavior that violates our Community Guidelines.

Details: